000 00712nam a2200253 a 4500
005 20140412111321.0
008 001214s19uu xx 00 eng d
020 _a0-307-00116-4
050 _aER
_bOn2 1991
050 _aER
_bOn2 1997
050 _aER
_bOn2 1996
100 _aKorman, Justine
245 _a101 dalmatians /
_cadapted by Justine Korman ; illustrated by Bill Langely and Ron Dias.
260 _aNew York :
_bA Golden Book,
_c1991.
300 _a1 v. (unp.) ; ill.
440 _aWalt Disney's Classic
650 _aChildren's stories -- Fiction
650 _aDog's stories -- Fiction
999 _c104391
_d104391